[Event "Titled Tuesday intern op 29th Aug Early"]
[Site "Chess.com INT"]
[Date "2023.08.29"]
[Round "10"]
[White "Ehrlich, Roy"]
[Black "Kovacs, Klara"]
[Result "1-0"]
[WhiteElo "2228"]
[BlackElo "2115"]
[PlyCount "107"]
[EventDate "2023.08.29"]
[EventType "swiss (blitz)"]
[EventRounds "11"]
[EventCountry "USA"]
[SourceTitle "EXT 2024"]
[Source "ChessBase"]
[SourceDate "2023.10.10"]
[SourceVersion "1"]
[SourceVersionDate "2023.10.10"]
[SourceQuality "1"]

1. d4 d5 2. Nc3 Nf6 3. Bg5 Ne4 4. Bf4 e6 5. e3 Bb4 6. Nge2 0-0 7. f3 Nxc3 8. bxc3 Bd6 9. h4 c5 10. Qd2 Nc6 11. Rd1 Bxf4 12. Nxf4 Qa5 13. e4 dxe4 14. fxe4 e5 15. Nh5 f6 16. Bc4+ Kh8 17. d5 Nd8 18. Be2 Bd7 19. 0-0 b5 20. Qe3 c4 21. Qc5 Qb6 22. Qf2 Nf7 23. Ng3 Nd6 24. Kh2 Qxf2 25. Rxf2 a6 26. Bf3 Kg8 27. Nf1 Be8 28. Ne3 Bg6 29. Nf5 Nxf5 30. exf5 Bxf5 31. d6 Rad8 32. Bd5+ Kh8 33. Rxf5 Rxd6 34. Rff1 Rfd8 35. Bf3 f5 36. Rxd6 Rxd6 37. Rd1 Rxd1 38. Bxd1 Kg8 39. Bf3 e4 40. Be2 Kf7 41. Kg3 Kf6 42. Kf4 g6 43. g4 h6 44. gxf5 gxf5 45. Bh5 a5 46. Be8 b4 47. cxb4 axb4 48. Bb5 c3 49. Bd7 e3 50. Kxe3 Ke5 51. Kf3 f4 52. Bc8 h5 53. Bd7 Kd4 54. Kxf4 1-0

[Event "Titled Tuesday intern op 29th Aug Early"]
[Site "Chess.com INT"]
[Date "2023.08.29"]
[Round "9"]
[White "Mikhailovsky, Vladimir"]
[Black "Ehrlich, Roy"]
[Result "1-0"]
[WhiteElo "2215"]
[BlackElo "2228"]
[PlyCount "39"]
[EventDate "2023.08.29"]
[EventType "swiss (blitz)"]
[EventRounds "11"]
[EventCountry "USA"]
[SourceTitle "EXT 2024"]
[Source "ChessBase"]
[SourceDate "2023.10.10"]
[SourceVersion "1"]
[SourceVersionDate "2023.10.10"]
[SourceQuality "1"]

1. e4 c5 2. Nf3 e6 3. g3 Nf6 4. e5 Nd5 5. Bg2 Nc6 6. 0-0 d6 7. d4 cxd4 8. exd6 Bxd6 9. Nxd4 Nxd4 10. Qxd4 0-0 11. Rd1 Qc7 12. c4 Bc5 13. Qh4 Ne7 14. Nc3 Nf5 15. Qe4 Nd6 16. Qf4 Bd7 17. Be3 Bb4 18. c5 e5 19. Qxe5 Bxc3 20. bxc3 1-0

[Event "Titled Tuesday intern op 29th Aug Early"]
[Site "Chess.com INT"]
[Date "2023.08.29"]
[Round "5"]
[White "Raja, Rithvik R"]
[Black "Ehrlich, Roy"]
[Result "1-0"]
[WhiteElo "2502"]
[BlackElo "2228"]
[PlyCount "125"]
[EventDate "2023.08.29"]
[EventType "swiss (blitz)"]
[EventRounds "11"]
[EventCountry "USA"]
[SourceTitle "EXT 2024"]
[Source "ChessBase"]
[SourceDate "2023.10.10"]
[SourceVersion "1"]
[SourceVersionDate "2023.10.10"]
[SourceQuality "1"]

1. d4 Nf6 2. Bg5 Ne4 3. Bf4 c5 4. f3 Nf6 5. dxc5 Na6 6. e4 e6 7. Bxa6 bxa6 8. Bd6 a5 9. Nc3 Ba6 10. Qd4 Rb8 11. Bxb8 Qxb8 12. 0-0-0 Qc7 13. Na4 Be7 14. Kb1 0-0 15. c4 Rb8 16. b3 Rb4 17. e5 Nd5 18. Nc3 Bxc4 19. Nxd5 Bxd5 20. Qc3 Bxc5 21. Rc1 Bc4 22. Ne2 Qb6 23. Rc2 a4 24. Nc1 Be3 25. Qxb4 Qxb4 26. Rxc4 Qb7 27. Rxa4 g5 28. Nd3 Qb5 29. Rd1 a5 30. Re4 Bb6 31. Rc4 Kg7 32. Kc2 Bd8 33. g3 Be7 34. f4 h6 35. Rf1 Qd5 36. f5 exf5 37. Rxf5 Qg2+ 38. Rf2 Qg1 39. Re4 Bb4 40. Ree2 Ba3 41. Re1 Qxf2+ 42. Nxf2 Bb4 43. Rf1 d5 44. Nd3 Be7 45. Nc1 Kg6 46. Ne2 h5 47. Nd4 Bc5 48. Nc6 Bb6 49. Ne7+ Kg7 50. Nxd5 Bd8 51. Rf5 Kg6 52. Rf2 g4 53. Re2 Kg5 54. Nf4 Be7 55. e6 f5 56. Nd5 Bd6 57. e7 Bxe7 58. Rxe7 h4 59. Rg7+ Kh6 60. Rg8 h3 61. Kd3 Kh7 62. Rg5 f4 63. Nxf4 1-0

[Event "Ramat Gan Winter op"]
[Site "Ramat Gan"]
[Date "2023.01.07"]
[Round "3"]
[White "Ehrlich, Roy"]
[Black "Mesropov, Konstantin Eduard"]
[Result "1/2-1/2"]
[WhiteElo "2202"]
[BlackElo "2483"]
[PlyCount "49"]
[EventDate "2023.01.07"]
[EventType "swiss (rapid)"]
[EventRounds "6"]
[EventCountry "ISR"]
[SourceTitle "CBM 212 Extra"]
[Source "ChessBase"]
[SourceDate "2023.03.31"]
[SourceVersion "1"]
[SourceVersionDate "2023.03.31"]
[SourceQuality "1"]

1. e4 e6 2. c3 d5 3. Bd3 Nc6 4. Nf3 dxe4 5. Bxe4 Nf6 6. Bc2 e5 7. 0-0 Bd6 8. d4 exd4 9. Re1+ Be6 10. Nxd4 Nxd4 11. Qxd4 0-0 12. Nd2 Re8 13. Nf3 Bg4 14. Bg5 Bxf3 15. gxf3 Rxe1+ 16. Rxe1 h6 17. Bxf6 Qxf6 18. Qxf6 gxf6 19. Be4 c6 20. Rd1 Rd8 21. Kg2 Kf8 22. Bf5 Ke7 23. Re1+ Kf8 24. Rd1 Ke7 25. Re1+ 1/2-1/2

[Event "Ramat Gan Rosh Hashanah Rapid"]
[Site "Ramat Gan"]
[Date "2022.09.25"]
[Round "2"]
[White "Ehrlich, Roy"]
[Black "Dvoirys, Semen I"]
[Result "0-1"]
[WhiteElo "2202"]
[BlackElo "2461"]
[PlyCount "128"]
[EventDate "2022.09.25"]
[EventType "swiss (rapid)"]
[EventRounds "6"]
[EventCountry "ISR"]
[SourceTitle "EXT 2023"]
[Source "ChessBase"]
[SourceDate "2022.10.05"]
[SourceVersion "1"]
[SourceVersionDate "2022.10.05"]
[SourceQuality "1"]

1. e4 c5 2. Nf3 Nc6 3. Bb5 e6 4. 0-0 Nge7 5. Re1 a6 6. Bf1 d5 7. exd5 Nxd5 8. d4 Be7 9. c4 Nf6 10. Be3 0-0 11. Nc3 cxd4 12. Nxd4 Bd7 13. Nb3 Ne5 14. Bf4 Ng6 15. Be3 Qc7 16. Qd4 Bd6 17. h3 Bh2+ 18. Kh1 Be5 19. Qb6 Rac8 20. Rad1 Bc6 21. Qxc7 Bxc7 22. Nd4 Bd7 23. g3 Ba5 24. Kh2 Ne5 25. c5 Bb4 26. Bf4 Ng6 27. Bd6 Rfd8 28. Nb3 Ne8 29. Re4 Bxc3 30. bxc3 Nxd6 31. Rxd6 Bc6 32. Red4 Re8 33. Bg2 Ne5 34. Bxc6 Nxc6 35. Rd1 Kf8 36. Rd7 Re7 37. Kg2 Ke8 38. R7d6 Rec7 39. f4 Nb8 40. Na5 Rxc5 41. Nxb7 Rxc3 42. Rb6 Rc2+ 43. Kf3 Kf8 44. Nd6 Rd8 45. Rb7 Kg8 46. Rdb1 Nc6 47. Nxf7 Rd3+ 48. Kg4 Rg2 49. Ng5 Rgxg3+ 50. Kh4 h6 51. Rb8+ Nd8 52. Nxe6 Rxh3+ 53. Kg4 h5+ 54. Kf5 Rd5+ 55. Ke4 Rhd3 56. R1b7 Rd6 57. Rxg7+ Kh8 58. Re7 Rd1 59. Re8+ Kh7 60. Re7+ Kg6 61. Nxd8 Re1+ 62. Kf3 Rxe7 63. Nb7 Rb6 64. Rg8+ Kh7 0-1

[Event "Ramat Gan Rosh Hashanah Rapid"]
[Site "Ramat Gan"]
[Date "2022.09.25"]
[Round "4"]
[White "Sokolovsky, Yahli"]
[Black "Ehrlich, Roy"]
[Result "1-0"]
[WhiteElo "2419"]
[BlackElo "2202"]
[PlyCount "129"]
[EventDate "2022.09.25"]
[EventType "swiss (rapid)"]
[EventRounds "6"]
[EventCountry "ISR"]
[SourceTitle "EXT 2023"]
[Source "ChessBase"]
[SourceDate "2022.10.05"]
[SourceVersion "1"]
[SourceVersionDate "2022.10.05"]
[SourceQuality "1"]

1. e4 e6 2. d4 d5 3. Nd2 c5 4. Ngf3 cxd4 5. Nxd4 Nf6 6. exd5 Qxd5 7. N2f3 Bc5 8. Be2 0-0 9. 0-0 Rd8 10. Nb3 Qxd1 11. Bxd1 Be7 12. Bf4 b6 13. Nbd4 Bb7 14. c3 Nbd7 15. Be2 Nd5 16. Bg3 Nc5 17. Ne5 Rac8 18. Bb5 a6 19. Bc6 Bf6 20. Bxb7 Nxb7 21. Rad1 Nc5 22. Rfe1 Na4 23. Rd2 Bg5 24. Rc2 Ne7 25. Rce2 h5 26. f4 Bf6 27. Bf2 Nc5 28. Ndf3 b5 29. g3 Nd3 30. Nxd3 Rxd3 31. Re3 Rcd8 32. Kf1 b4 33. Rxd3 Rxd3 34. Ke2 Rd7 35. cxb4 Bxb2 36. Rd1 Nd5 37. Be1 Rb7 38. Rb1 Ba3 39. Rb3 Bc1 40. a4 Rc7 41. b5 axb5 42. axb5 Rc2+ 43. Kd3 Rb2 44. Rxb2 Bxb2 45. Bf2 Ba3 46. b6 Bd6 47. b7 Kf8 48. Kc4 Bb8 49. Ne5 Ke8 50. Nc6 Bc7 51. b8Q+ Bxb8 52. Nxb8 Ne7 53. Na6 f6 54. Nc5 Kf7 55. Nd3 g5 56. Be3 h4 57. fxg5 hxg3 58. hxg3 Nf5 59. Bf2 fxg5 60. Ne5+ Kf6 61. Ng4+ Ke7 62. Kd3 Kd6 63. Ke4 Ne7 64. Ne5 Nf5 65. Nf7+ 1-0

[Event "EU-ch Hybrid U18"]
[Site "Tornelo INT"]
[Date "2021.10.15"]
[Round "9"]
[White "Ehrlich, Roy"]
[Black "Mai, Alexander Oliver"]
[Result "1-0"]
[WhiteElo "2182"]
[BlackElo "2049"]
[PlyCount "129"]
[EventDate "2021.10.15"]
[EventType "swiss"]
[EventRounds "9"]
[EventCountry "NET"]
[SourceTitle "EXT 2023"]
[Source "ChessBase"]
[SourceDate "2022.10.05"]
[SourceVersion "1"]
[SourceVersionDate "2022.10.05"]
[SourceQuality "1"]
[WhiteTeam "Israel"]
[BlackTeam "Island"]
[WhiteTeamCountry "ISR"]
[BlackTeamCountry "ISL"]

1. e4 e5 2. Nc3 Nf6 3. g3 Bc5 4. Bg2 c6 5. Nf3 d5 6. Nxe5 dxe4 7. d3 Bxf2+ 8. Kxf2 Qd4+ 9. Kf1 Qxe5 10. Bf4 Qd4 11. dxe4 Qc4+ 12. Qd3 Be6 13. Bd6 Nbd7 14. b3 Qxd3+ 15. cxd3 Nb6 16. Ke2 Kd7 17. Bc5 Nc8 18. b4 Ne7 19. Rhc1 b6 20. Bxe7 Kxe7 21. b5 Bd7 22. e5 Ng4 23. bxc6 Be6 24. c7 Rac8 25. Bb7 Nxe5 26. Bxc8 Bxc8 27. Nb5 a6 28. Na7 Kd7 29. a4 Re8 30. Kf1 Nf3 31. Kg2 Nd4 32. Nxc8 Kxc8 33. Re1 Ne6 34. Rac1 Re7 35. Rc6 Nf4+ 36. Kf1 Rxe1+ 37. Kxe1 Nxd3+ 38. Ke2 Nc5 39. a5 Nb3 40. Rxb6 Nxa5 41. Rxa6 Nb3 42. Ra8+ Kxc7 43. Ra7+ Kd6 44. Rxf7 Nd4+ 45. Ke3 Ne6 46. h4 Ke5 47. g4 h6 48. Ra7 Kf6 49. Ra5 Nf8 50. Ke4 Ng6 51. Ra6+ Kf7 52. h5 Ne7 53. Ke5 g6 54. Rf6+ Kg7 55. Ke6 gxh5 56. Rf7+ Kg6 57. gxh5+ Kxh5 58. Rxe7 Kg4 59. Rg7+ Kf4 60. Rh7 Kg5 61. Ke5 h5 62. Ke4 Kg4 63. Rg7+ Kh3 64. Kf3 h4 65. Rh7 1-0

[Event "EU-ch Hybrid U18"]
[Site "Tornelo INT"]
[Date "2021.10.15"]
[Round "5"]
[White "Ehrlich, Roy"]
[Black "Veljanoski, Andrej"]
[Result "1/2-1/2"]
[WhiteElo "2182"]
[BlackElo "2210"]
[PlyCount "84"]
[EventDate "2021.10.15"]
[EventType "swiss"]
[EventRounds "9"]
[EventCountry "NET"]
[SourceTitle "EXT 2023"]
[Source "ChessBase"]
[SourceDate "2022.10.05"]
[SourceVersion "1"]
[SourceVersionDate "2022.10.05"]
[SourceQuality "1"]
[WhiteTeam "Israel"]
[BlackTeam "Macedonia"]
[WhiteTeamCountry "ISR"]
[BlackTeamCountry "MKD"]

1. e4 e5 2. Nc3 Nf6 3. g3 d5 4. exd5 Nxd5 5. Bg2 Nxc3 6. bxc3 Nc6 7. Nf3 Bc5 8. 0-0 0-0 9. Re1 Bg4 10. h3 Bh5 11. a4 f5 12. d4 exd4 13. Qd3 Kh8 14. Bg5 Qd7 15. cxd4 Bxf3 16. dxc5 Qxd3 17. cxd3 Bxg2 18. Kxg2 Nb4 19. Re7 h6 20. Bf4 Nd5 21. Rxc7 Nxc7 22. Bxc7 Rf7 23. Be5 Kg8 24. d4 Rd7 25. a5 a6 26. g4 g6 27. gxf5 gxf5 28. Kf3 Kf7 29. Rg1 Rg8 30. Rb1 Rg6 31. Kf4 Ke6 32. Rb6+ Kf7 33. Bd6 Re6 34. Kxf5 Rf6+ 35. Ke4 Rxf2 36. c6 Rxd6 37. c7 Rxb6 38. c8Q Re6+ 39. Kd3 Rf3+ 40. Kd2 Rf2+ 41. Kd1 Rf1+ 42. Kd2 Rf2+ 1/2-1/2

[Event "EU-ch Hybrid U18"]
[Site "Tornelo INT"]
[Date "2021.10.15"]
[Round "7"]
[White "Richter, Nils"]
[Black "Ehrlich, Roy"]
[Result "1-0"]
[WhiteElo "2277"]
[BlackElo "2182"]
[PlyCount "55"]
[EventDate "2021.10.15"]
[EventType "swiss"]
[EventRounds "9"]
[EventCountry "NET"]
[SourceTitle "EXT 2023"]
[Source "ChessBase"]
[SourceDate "2022.10.05"]
[SourceVersion "1"]
[SourceVersionDate "2022.10.05"]
[SourceQuality "1"]
[WhiteTeam "Germany"]
[BlackTeam "Israel"]
[WhiteTeamCountry "GER"]
[BlackTeamCountry "ISR"]

1. c4 e6 2. g3 Nf6 3. Bg2 d5 4. Nf3 Be7 5. d4 c6 6. 0-0 0-0 7. Nc3 Nbd7 8. Qd3 b6 9. e4 Ba6 10. b3 Rc8 11. e5 dxc4 12. bxc4 Nd5 13. a4 Nb4 14. Qe2 c5 15. Nb5 cxd4 16. Nfxd4 Rc5 17. Ba3 Rxe5 18. Qd2 Bxb5 19. axb5 Nb8 20. Rfd1 a5 21. bxa6 N8xa6 22. Nc6 Nxc6 23. Qxd8 Rxd8 24. Bxe7 Rxd1+ 25. Rxd1 Nab8 26. Bd6 f6 27. Bxe5 fxe5 28. Rd6 1-0

[Event "World Cup U18 Prel"]
[Site "Tornelo INT"]
[Date "2021.08.16"]
[Round "2"]
[White "Wang, Justin"]
[Black "Ehrlich, Roy"]
[Result "1-0"]
[WhiteElo "2456"]
[BlackElo "2182"]
[PlyCount "117"]
[EventDate "2021.08.16"]
[EventType "swiss (rapid)"]
[EventRounds "10"]
[EventCountry "NET"]
[SourceTitle "CBM 203 Extra"]
[Source "ChessBase"]
[SourceDate "2021.09.30"]
[SourceVersion "1"]
[SourceVersionDate "2021.09.30"]
[SourceQuality "1"]

1. d4 e6 2. c4 Bb4+ 3. Bd2 c5 4. Nf3 Nf6 5. g3 Bxd2+ 6. Nbxd2 cxd4 7. Nxd4 0-0 8. Bg2 d5 9. cxd5 Nxd5 10. Qb3 Nb6 11. N4f3 Nc6 12. 0-0 e5 13. Rfd1 Be6 14. Qa3 Qc7 15. Ng5 Bg4 16. Qd3 g6 17. Nde4 Rad8 18. Qe3 f6 19. Nf3 Bxf3 20. Bxf3 Nd4 21. Rac1 Qe7 22. Nd2 Rd7 23. Nb3 Nxf3+ 24. Qxf3 Rfd8 25. Rxd7 Rxd7 26. Qe4 f5 27. Qc2 Kg7 28. Nc5 Rd5 29. a4 a5 30. e4 fxe4 31. Nxe4 Rd4 32. b3 Qd7 33. Nc5 Qd5 34. Re1 Nc8 35. Qc3 b6 36. Ne6+ Qxe6 37. Qxd4 Kf6 38. Qh4+ Kg7 39. Rc1 Nd6 40. Rc7+ Nf7 41. Qc4 Qf5 42. Qc2 Qf3 43. Rc3 Qd5 44. Qd3 Qb7 45. Qf3 Qd7 46. Qc6 Qd1+ 47. Kg2 Nd6 48. Re3 e4 49. Qc3+ Kf7 50. Qc7+ Ke6 51. Qxb6 Qd5 52. Qb8 Kf7 53. Qc7+ Kf6 54. Qxh7 Nf5 55. Qh8+ Kg5 56. Re2 e3+ 57. f3 Nh6 58. h4+ Kh5 59. g4+ 1-0

[Event "ISR-ch U18"]
[Site "HaKfar HaYarok"]
[Date "2021.03.25"]
[Round "8"]
[White "Ehrlich, Roy"]
[Black "Tzidkiya, Yeshaayahu"]
[Result "1-0"]
[WhiteElo "2004"]
[BlackElo "2380"]
[PlyCount "69"]
[EventDate "2021.03.19"]
[EventType "swiss"]
[EventRounds "9"]
[EventCountry "ISR"]
[SourceTitle "EXT 2022"]
[Source "ChessBase"]
[SourceDate "2021.10.06"]
[SourceVersion "1"]
[SourceVersionDate "2021.10.06"]
[SourceQuality "1"]

1. e4 c5 2. Nf3 g6 3. d4 cxd4 4. c3 Bg7 5. Bc4 d6 6. Qb3 e6 7. cxd4 Nf6 8. Nc3 0-0 9. Be2 Nc6 10. 0-0 h6 11. h3 a6 12. a4 b6 13. Be3 Rb8 14. Rac1 Ne7 15. Qa3 Bb7 16. Bf4 Ne8 17. Rfd1 f5 18. e5 Bxf3 19. Bxf3 d5 20. Na2 g5 21. Bd2 Qd7 22. Bb4 Rb7 23. Bxe7 Qxe7 24. Qxe7 Rxe7 25. Rc6 b5 26. a5 Rc7 27. Rxe6 Rc2 28. Bxd5 Kh7 29. Nb4 Rxb2 30. Nxa6 Bh8 31. Re7+ Kg6 32. Nc5 Ng7 33. Nd7 Rc8 34. Bf7+ Kh7 35. Nf6# 1-0

[Event "ISR-ch U18"]
[Site "HaKfar HaYarok"]
[Date "2021.03.24"]
[Round "6"]
[White "Ehrlich, Roy"]
[Black "Ben Ari, Yannay"]
[Result "0-1"]
[WhiteElo "2004"]
[BlackElo "2403"]
[PlyCount "76"]
[EventDate "2021.03.19"]
[EventType "swiss"]
[EventRounds "9"]
[EventCountry "ISR"]
[SourceTitle "EXT 2022"]
[Source "ChessBase"]
[SourceDate "2021.10.06"]
[SourceVersion "1"]
[SourceVersionDate "2021.10.06"]
[SourceQuality "1"]

1. e4 c5 2. Nf3 d6 3. c3 Nf6 4. h3 Nc6 5. Bd3 e5 6. Bc2 d5 7. exd5 Qxd5 8. Qe2 Be7 9. Bb3 Qd6 10. Na3 Qc7 11. Nc4 e4 12. Ng5 Bf5 13. Nxf7 Rf8 14. Ne3 Bd7 15. Ng5 Qe5 16. h4 h6 17. Nh3 0-0-0 18. Bc2 g5 19. hxg5 hxg5 20. b3 g4 21. Ng1 g3 22. f3 Nb4 23. Ba3 exf3 24. Nxf3 Nxc2+ 25. Nxc2 Qxe2+ 26. Kxe2 Bf5 27. Kd1 Ne4 28. Kc1 Nf2 29. Rg1 Nd3+ 30. Kb1 Be4 31. Bc1 Bxf3 32. gxf3 Rxf3 33. Ne3 Bg5 34. Nf1 Bf4 35. Kc2 g2 36. Ne3 Bxe3 37. dxe3 Rf2+ 38. Bd2 Ne5 0-1

[Event "ISR-ch U18"]
[Site "HaKfar HaYarok"]
[Date "2021.03.23"]
[Round "5"]
[White "Ehrlich, Roy"]
[Black "Zemach, Roee"]
[Result "1-0"]
[WhiteElo "2004"]
[BlackElo "2292"]
[PlyCount "79"]
[EventDate "2021.03.19"]
[EventType "swiss"]
[EventRounds "9"]
[EventCountry "ISR"]
[SourceTitle "EXT 2022"]
[Source "ChessBase"]
[SourceDate "2021.10.06"]
[SourceVersion "1"]
[SourceVersionDate "2021.10.06"]
[SourceQuality "1"]

1. e4 e5 2. Nc3 Nc6 3. g3 g6 4. Bg2 Bg7 5. Nge2 Nge7 6. Nd5 d6 7. h3 0-0 8. 0-0 Nxd5 9. exd5 Ne7 10. d4 exd4 11. Nxd4 Nf5 12. Nb3 a5 13. a4 Bd7 14. Re1 Re8 15. Be4 Ne7 16. Kh2 Nc8 17. c3 Nb6 18. Nd4 Qc8 19. h4 c6 20. dxc6 bxc6 21. Bf4 Nc4 22. b3 Ne5 23. Qd2 Qa6 24. Bxe5 dxe5 25. Nb5 cxb5 26. Bxa8 Be6 27. Bd5 Rd8 28. axb5 Qxb5 29. c4 Qxb3 30. Qxa5 Bf6 31. Bxe6 fxe6 32. Qa2 Qf3 33. Qe2 Qc6 34. Rac1 Rd4 35. c5 e4 36. Rc4 Kf7 37. Rd1 e5 38. Rc2 Qd5 39. Ra1 e3 40. fxe3 1-0

[Event "ISR-ch U18"]
[Site "HaKfar HaYarok"]
[Date "2021.03.22"]
[Round "4"]
[White "Milikow, Yoav"]
[Black "Ehrlich, Roy"]
[Result "0-1"]
[WhiteElo "2302"]
[BlackElo "2004"]
[PlyCount "132"]
[EventDate "2021.03.19"]
[EventType "swiss"]
[EventRounds "9"]
[EventCountry "ISR"]
[SourceTitle "EXT 2022"]
[Source "ChessBase"]
[SourceDate "2021.10.06"]
[SourceVersion "1"]
[SourceVersionDate "2021.10.06"]
[SourceQuality "1"]

1. d4 e6 2. c4 Bb4+ 3. Nd2 c5 4. a3 Bxd2+ 5. Qxd2 cxd4 6. Nf3 Nf6 7. Nxd4 0-0 8. e3 d5 9. b3 Nc6 10. Bb2 Qe7 11. cxd5 Nxd5 12. Nxc6 bxc6 13. e4 Nc7 14. Qc3 f6 15. Rc1 Bd7 16. Qa5 Rfc8 17. Bc4 Kh8 18. f4 c5 19. 0-0 Rab8 20. a4 Bc6 21. Rce1 Ne8 22. Ba3 Ba8 23. f5 e5 24. Be6 Rc7 25. Rf3 Qd6 26. Rh3 Qd4+ 27. Kh1 Bxe4 28. Qc3 Qxc3 29. Rxc3 Rd8 30. Kg1 Bb7 31. Rec1 Rd2 32. R3c2 Rxc2 33. Rxc2 g6 34. Rd2 Kg7 35. Rd8 Kf8 36. b4 Ke7 37. Rb8 Be4 38. bxc5 Bxf5 39. Bd5 Rc8 40. Rb7+ Rc7 41. Bb4 Rxb7 42. Bxb7 Kd7 43. Kf2 Bc2 44. a5 Ba4 45. Bd5 Nc7 46. Bg8 h6 47. Ke3 Bc6 48. Bd2 Bxg2 49. Kf2 Bd5 50. Bh7 g5 51. Kg3 Be6 52. Be3 a6 53. Bc2 f5 54. Ba4+ Ke7 55. Bc1 f4+ 56. Kf2 Bc4 57. Bc2 Ke6 58. Kf3 h5 59. Bg6 g4+ 60. Kf2 h4 61. Bh5 Kf5 62. h3 g3+ 63. Ke1 Ke4 64. Bg6+ Kf3 65. Bb2 g2 66. Bh5+ Kg3 0-1